[Event "SRI-chB"]
[Site "Colombo"]
[Date "2023.03.11"]
[Round "9"]
[White "De Silva, Elath Mathanga"]
[Black "Wimalarathne, KG."]
[Result "1-0"]
[WhiteElo "1777"]
[BlackElo "1438"]
[PlyCount "75"]
[EventDate "2023.03.04"]
[EventType "swiss"]
[EventRounds "11"]
[EventCountry "SRI"]
[SourceTitle "CBM 213 Extra"]
[Source "ChessBase"]
[SourceDate "2023.05.31"]
[SourceVersion "1"]
[SourceVersionDate "2023.05.31"]
[SourceQuality "1"]

1. d4 d5 2. c4 c6 3. Nf3 Nf6 4. g3 Bf5 5. Nc3 e6 6. Bg2 h6 7. 0-0 Nbd7 8. Nd2 Be7 9. e4 dxe4 10. Ndxe4 Nxe4 11. Nxe4 0-0 12. a3 Nf6 13. Nc3 Qd7 14. Be3 Rad8 15. Rc1 Ng4 16. Qe2 Nxe3 17. fxe3 Bg6 18. Rcd1 Qc7 19. b4 h5 20. Qf3 h4 21. Qf4 Qxf4 22. gxf4 Bc2 23. Rd2 Bb3 24. c5 f5 25. Rb1 Bd5 26. b5 Bf6 27. bxc6 bxc6 28. Rb7 Rf7 29. Rdb2 Rdd7 30. Rxd7 Rxd7 31. Bxd5 cxd5 32. Rb8+ Rd8 33. Rb7 g5 34. c6 Rc8 35. c7 Kf7 36. Nb5 Ke7 37. Nxa7 Kd7 38. Nxc8 1-0

[Event "Nugegoda Sri Lanka GP 7th"]
[Site "Nugegoda"]
[Date "2020.07.13"]
[Round "6"]
[White "De Silva, Elath Mathanga"]
[Black "De Silva, LMST"]
[Result "0-1"]
[WhiteElo "1815"]
[BlackElo "2114"]
[PlyCount "82"]
[EventDate "2020.07.11"]
[EventType "tourn"]
[EventRounds "11"]
[EventCountry "SRI"]
[SourceTitle "EXT 2021"]
[Source "ChessBase"]
[SourceDate "2020.10.23"]
[SourceVersion "1"]
[SourceVersionDate "2020.10.23"]
[SourceQuality "1"]

1. d4 Nf6 2. Nf3 e6 3. Bf4 d5 4. e3 Bd6 5. Bg3 0-0 6. Bd3 c5 7. c3 b6 8. Nbd2 Nc6 9. Qb1 Bb7 10. Ne5 Ne7 11. f4 g6 12. 0-0 Nf5 13. Rf3 Be7 14. Be1 Kg7 15. g4 Nd6 16. Rg3 Nfe4 17. Rg2 Rc8 18. a4 a6 19. Qd1 cxd4 20. cxd4 f6 21. Nef3 Nc4 22. Nf1 Qd7 23. Qb3 b5 24. Bb4 Bc6 25. Bxe7 Qxe7 26. axb5 Bxb5 27. g5 f5 28. h4 Rb8 29. Rh2 Rfc8 30. Qd1 Qb4 31. Bxc4 dxc4 32. h5 c3 33. bxc3 Qxc3 34. Qe1 Bxf1 35. Kxf1 Ng3+ 36. Kf2 Nxh5 37. Qxc3 Rxc3 38. Rxh5 Rb2+ 39. Kg3 gxh5 40. Rxa6 Rxe3 41. Ra1 h4+ 0-1

[Event "SRI-chB"]
[Site "Maharaga"]
[Date "2020.03.09"]
[Round "6.13"]
[White "De Silva, Elath Mathanga"]
[Black "Mallawarachchi, TS."]
[Result "1-0"]
[WhiteElo "1815"]
[BlackElo "1854"]
[PlyCount "115"]
[EventDate "2020.03.06"]
[EventType "swiss"]
[EventRounds "11"]
[EventCountry "SRI"]
[SourceTitle "CBM 195 Extra"]
[Source "ChessBase"]
[SourceDate "2020.05.31"]
[SourceVersion "1"]
[SourceVersionDate "2020.05.31"]
[SourceQuality "1"]

1. d4 Nf6 2. Nf3 g6 3. Bf4 Bg7 4. e3 d6 5. h3 c5 6. c3 Qb6 7. Qb3 Qxb3 8. axb3 cxd4 9. exd4 Nc6 10. Nbd2 0-0 11. Bc4 e5 12. dxe5 dxe5 13. Be3 a6 14. 0-0 h6 15. Bc5 Re8 16. Rfe1 Bd7 17. Bf1 b5 18. b4 e4 19. Nd4 Nxd4 20. Bxd4 Bc6 21. Nb3 Nd7 22. Rad1 Rad8 23. Na5 Ba8 24. Bxg7 Kxg7 25. Rd6 Nb8 26. Red1 Rxd6 27. Rxd6 Re6 28. Rd8 Rb6 29. g4 Kf6 30. Kh2 Ke7 31. Rh8 Bd5 32. Rxh6 Rf6 33. Kg1 Nd7 34. c4 bxc4 35. Bxc4 Nb6 36. b3 Bxc4 37. bxc4 Na4 38. Rh8 Nc3 39. c5 Ne2+ 40. Kf1 Nd4 41. Nc4 Nc2 42. Ke2 Nxb4 43. Nd6 Rxd6 44. cxd6+ Kxd6 45. Ke3 Nd3 46. Ra8 Nc5 47. h4 Ke5 48. Rc8 Ne6 49. Rc6 f5 50. gxf5 gxf5 51. Rxa6 f4+ 52. Ke2 Nd4+ 53. Kf1 e3 54. fxe3 fxe3 55. h5 Ke4 56. Ra4 Kd3 57. Rxd4+ Kxd4 58. h6 1-0

[Event "SRI-chB"]
[Site "Maharaga"]
[Date "2020.03.07"]
[Round "2.1"]
[White "De Silva, Elath Mathanga"]
[Black "Liyanage, Ranindu Dilshan"]
[Result "0-1"]
[WhiteElo "1815"]
[BlackElo "2199"]
[PlyCount "86"]
[EventDate "2020.03.06"]
[EventType "swiss"]
[EventRounds "11"]
[EventCountry "SRI"]
[SourceTitle "CBM 195 Extra"]
[Source "ChessBase"]
[SourceDate "2020.05.31"]
[SourceVersion "1"]
[SourceVersionDate "2020.05.31"]
[SourceQuality "1"]

1. d4 Nf6 2. Bf4 d5 3. e3 e6 4. Nd2 c5 5. c3 Nc6 6. Bd3 Bd6 7. Bxd6 Qxd6 8. f4 0-0 9. a3 Ne7 10. Qf3 Qb6 11. Rb1 Bd7 12. Qe2 Ba4 13. dxc5 Qxc5 14. Ngf3 Ng6 15. g3 Rfe8 16. 0-0 e5 17. Bxg6 hxg6 18. Nxe5 Bb5 19. Qf2 Bxf1 20. Rxf1 Ne4 21. Nxe4 dxe4 22. g4 Rad8 23. g5 Re6 24. Re1 Red6 25. Kg2 Rd2 26. Re2 Rxe2 27. Qxe2 Qd5 28. Ng4 Qd2 29. Kf2 Qd1 30. Qxd1 Rxd1 31. Ke2 Rb1 32. b4 Rb2+ 33. Kd1 Kf8 34. h4 Ke7 35. Ne5 Ke6 36. Nc4 Ra2 37. Kc1 Kd5 38. Nb2 Rxa3 39. Kd2 b5 40. Kc2 Ra1 41. Kb3 Rc1 42. f5 gxf5 43. h5 Rh1 0-1

[Event "SRI-chB"]
[Site "Colombo"]
[Date "2018.03.01"]
[Round "2"]
[White "Aluvihare, Shakila"]
[Black "De Silva, Elath Mathanga"]
[Result "1-0"]
[WhiteElo "1651"]
[BlackElo "1880"]
[PlyCount "103"]
[EventDate "2018.03.01"]
[EventType "swiss"]
[EventRounds "10"]
[EventCountry "SRI"]
[SourceTitle "EXT 2019"]
[Source "ChessBase"]
[SourceDate "2018.10.10"]
[SourceVersion "1"]
[SourceVersionDate "2018.10.10"]
[SourceQuality "1"]

1. d4 Nf6 2. Nf3 g6 3. Bg5 Bg7 4. Nbd2 0-0 5. e4 d5 6. Bd3 dxe4 7. Nxe4 Nxe4 8. Bxe4 c5 9. c3 Qb6 10. Qb3 Nd7 11. 0-0 Nf6 12. Qxb6 axb6 13. Bc2 Be6 14. a3 Rfc8 15. Rfe1 Ra5 16. Rad1 Kf8 17. dxc5 bxc5 18. Ne5 b5 19. Rd2 Raa8 20. Red1 h6 21. Bh4 g5 22. Bg3 h5 23. h3 h4 24. Bh2 Bh6 25. Re2 Kg7 26. Bd3 Bb3 27. Rde1 c4 28. Be4 Nxe4 29. Rxe4 e6 30. Nf3 Bc2 31. Re5 Bf5 32. Rxb5 Rd8 33. Nd4 Kg6 34. Nc6 Rd2 35. Ne5+ Kh7 36. Nxc4 Rd7 37. Ne5 Re7 38. Rd1 Bg7 39. Nc6 Ree8 40. Be5 f6 41. Bd4 e5 42. Be3 Be4 43. Nb4 Rad8 44. Rxd8 Rxd8 45. a4 Rd1+ 46. Kh2 Kg6 47. f3 Bf5 48. a5 e4 49. a6 exf3 50. gxf3 Bf8 51. Rd5 Ra1 52. a7 1-0

[Event "SRI-chB"]
[Site "Narahenpita"]
[Date "2017.05.13"]
[Round "3"]
[White "Haputhanthri, HLNB"]
[Black "De Silva, Elath Mathanga"]
[Result "0-1"]
[WhiteElo "1618"]
[BlackElo "1859"]
[PlyCount "74"]
[EventDate "2017.05.12"]
[EventType "swiss"]
[EventRounds "10"]
[EventCountry "SRI"]
[SourceTitle "CBM 178 Extra"]
[Source "ChessBase"]
[SourceDate "2017.06.22"]
[SourceVersion "1"]
[SourceVersionDate "2017.06.22"]
[SourceQuality "1"]

1. d4 Nf6 2. c4 g6 3. Nc3 Bg7 4. e4 d6 5. Nf3 0-0 6. Be2 c5 7. dxc5 dxc5 8. Qxd8 Rxd8 9. Be3 Na6 10. h3 b6 11. Rd1 Bb7 12. Bd3 Ne8 13. 0-0 Nb4 14. Bb1 Ba6 15. Nd2 e6 16. Rc1 Nd3 17. Bxd3 Rxd3 18. Nd1 Rad8 19. Re1 Bd4 20. Nf3 Bg7 21. Nd2 Rxd2 22. Bxd2 Rxd2 23. b3 Bd4 24. a4 Nf6 25. Kf1 Bb7 26. Re2 Nxe4 27. Ne3 Bxe3 28. Rxe3 Rxf2+ 29. Kg1 Rd2 30. Rce1 f5 31. R1e2 Rd4 32. Re1 Kf7 33. a5 f4 34. Rf3 g5 35. axb6 axb6 36. Ra1 Ng3 37. Ra7 Rd1+ 0-1

[Event "SRI-ch"]
[Site "Colombo"]
[Date "2016.05.29"]
[Round "5"]
[White "De Silva, Elath Mathanga"]
[Black "Weerawardane, Romesh"]
[Result "0-1"]
[WhiteElo "1958"]
[BlackElo "2100"]
[PlyCount "120"]
[EventDate "2016.05.27"]
[EventType "tourn"]
[EventRounds "13"]
[EventCountry "SRI"]
[SourceTitle "CBM 172 Extra"]
[Source "ChessBase"]
[SourceDate "2016.06.21"]
[SourceVersion "1"]
[SourceVersionDate "2016.06.21"]
[SourceQuality "1"]

1. d4 Nf6 2. Nf3 g6 3. Bf4 Bg7 4. e3 d6 5. Be2 0-0 6. h3 b6 7. 0-0 Bb7 8. c4 Nbd7 9. Nc3 e6 10. Rc1 Qe7 11. b4 e5 12. Bh2 c5 13. bxc5 bxc5 14. Nb5 Rfd8 15. Re1 Ne8 16. Qa4 a6 17. Nc3 e4 18. Nd2 cxd4 19. exd4 e3 20. Nb3 exf2+ 21. Kxf2 Qh4+ 22. Bg3 Bxd4+ 23. Nxd4 Qxd4+ 24. Kf1 Qf6+ 25. Kg1 Qg5 26. Kh2 Nef6 27. Bf1 Nc5 28. Qc2 Nh5 29. Qf2 Qxg3+ 30. Qxg3 Nxg3 31. Kxg3 Kf8 32. Rcd1 Re8 33. Nd5 Rxe1 34. Rxe1 Bxd5 35. cxd5 Re8 36. Rxe8+ Kxe8 37. Kf4 h6 38. h4 Ke7 39. g4 Kf6 40. g5+ hxg5+ 41. hxg5+ Ke7 42. a3 Kd7 43. Ke3 Kc7 44. Be2 Kb6 45. Kd4 Ka5 46. Bd1 Kb5 47. Bc2 a5 48. Bd1 Nd7 49. Bg4 Nb6 50. Bd1 Nd7 51. Bg4 Nc5 52. Bd1 Kb6 53. Bc2 Kb5 54. Bd1 Nd7 55. Bg4 f5 56. gxf6 Nxf6 57. Bd1 g5 58. Bb3 g4 59. Ke3 Kc5 60. Kf4 Kd4 0-1

[Event "SRI-ch"]
[Site "Malabe"]
[Date "2015.07.11"]
[Round "10"]
[White "Weerawardane, Romesh"]
[Black "De Silva, Elath Mathanga"]
[Result "1-0"]
[WhiteElo "2110"]
[BlackElo "1985"]
[PlyCount "105"]
[EventDate "2015.07.04"]
[EventType "tourn"]
[EventRounds "13"]
[EventCountry "SRI"]
[SourceTitle "CBM 167 Extra"]
[Source "ChessBase"]
[SourceDate "2015.09.14"]
[SourceVersion "1"]
[SourceVersionDate "2015.09.14"]
[SourceQuality "1"]

1. d4 Nf6 2. c4 g6 3. Nc3 c5 4. Nf3 Bg7 5. g3 0-0 6. Bg2 cxd4 7. Nxd4 Qc7 8. Qd3 Nc6 9. Nxc6 bxc6 10. 0-0 Ba6 11. Bf4 e5 12. Bg5 h6 13. Bxf6 Bxf6 14. Qc2 Be7 15. Na4 d6 16. e4 Qa5 17. b3 Rac8 18. Rfd1 Rfd8 19. Qd2 Qxd2 20. Rxd2 Bg5 21. Rd3 f5 22. exf5 gxf5 23. Bh3 Be7 24. Bxf5 Rb8 25. Rdd1 Bc8 26. Bxc8 Rbxc8 27. Rac1 Kf7 28. Rc2 Ke6 29. f3 d5 30. c5 Rf8 31. Kg2 Rf7 32. Re2 Rcf8 33. Rde1 Bf6 34. Nb2 Bg7 35. Nd3 Rxf3 36. Nxe5 Bxe5 37. Rxe5+ Kd7 38. Re7+ Kc8 39. Re8+ Rxe8 40. Rxe8+ Kd7 41. Kxf3 Kxe8 42. Ke3 Ke7 43. Kd4 Kf6 44. b4 a6 45. a4 Ke6 46. g4 Kf6 47. h4 Ke6 48. g5 hxg5 49. hxg5 Kf5 50. b5 axb5 51. axb5 cxb5 52. Kxd5 Kxg5 53. c6 1-0

[Event "SRI-ch"]
[Site "Malabe"]
[Date "2015.07.06"]
[Round "5"]
[White "De Silva, Elath Mathanga"]
[Black "Priyankara, Chamil Y"]
[Result "0-1"]
[WhiteElo "1985"]
[BlackElo "2018"]
[PlyCount "50"]
[EventDate "2015.07.04"]
[EventType "tourn"]
[EventRounds "13"]
[EventCountry "SRI"]
[SourceTitle "CBM 167 Extra"]
[Source "ChessBase"]
[SourceDate "2015.09.14"]
[SourceVersion "1"]
[SourceVersionDate "2015.09.14"]
[SourceQuality "1"]

1. d4 Nf6 2. Nf3 g6 3. g3 Bg7 4. Bg2 0-0 5. 0-0 d6 6. a4 Nbd7 7. a5 a6 8. Nc3 c5 9. d5 b5 10. axb6 Nxb6 11. h3 Nfd7 12. e4 a5 13. Re1 a4 14. Ra3 Bb7 15. Bf1 Ba6 16. Nb5 Qb8 17. c4 Nxc4 18. Bxc4 Bxb5 19. b3 Bxc4 20. bxc4 Qb4 21. Qd3 Ne5 22. Nxe5 Qxe1+ 23. Kg2 Bxe5 24. Bd2 Qd1 25. Ra2 Qb3 0-1